Flags of Subnational Units 14 - Statistics

General Stats
  • This quiz has been taken 29 times
  • The average score is 7 of 20
Answer Stats
Picture Hint Answer % Correct
USA Indiana
85%
Ireland Dublin
75%
USA Nevada
70%
Australia Perth
65%
Canada Ottawa
50%
Austria Upper Austria
45%
Palau Melekeok
40%
Brazil Rio Grande do Sul
40%
France Nouvelle-Aquitaine
35%
Brazil Rio Grande do Norte
35%
Croatia Dalmatia
30%
Canada Quebec City
25%
Chile Coquimbo
20%
Pakistan Gilget-Baltistan
20%
USA Reno
20%
Sweden Värmland County
20%
France Strasbourg
15%
Germany Gelsenkirchen
10%
Argentina La Pampa
10%
Spain Burgos
5%
No matching quizzes found
Score Distribution
Percent of People with Each Score
Percentile by Number Answered
Your Score History
You have not taken this quiz